Community infrastructure levy (Record no. 80561)

MARC details
000 -LEADER
fixed length control field 01193cab a22002055a 4500
001 - CONTROL NUMBER
control field L144732
008 - FIXED-LENGTH DATA ELEMENTS--GENERAL INFORMATION
fixed length control field 080806s2008 xxk f 000 0 eng d
035 ## - SYSTEM CONTROL NUMBER
System control number (Sirsi) u144732
041 0# - LANGUAGE CODE
Language code of text/sound track or separate title eng
100 1# - MAIN ENTRY--PERSONAL NAME
Personal name Edge, Jeremy
245 00 - TITLE STATEMENT
Title Community infrastructure levy
Remainder of title do we need it?
260 ## - PUBLICATION, DISTRIBUTION, ETC.
Date of publication, distribution, etc. 2008
490 ## - SERIES STATEMENT
Series statement Property Forecast
Volume/sequential designation 11(7) July 2008, 4-5(2)
520 ## - SUMMARY, ETC.
Summary, etc. Article looks at the proposed introduction of the community infrastructure levy (CIL) in light of the failure of the government to introduce planning gain supplement (PGS). Suggests that the CIL could have a detrimental affect upon the availability of affordable housing, as the proposed structure would see an awkward balance between CIL and scaled back S106 agreements to develop affordable properties. Posits that many local authorities are balancing the needs of developers and the communities in which they develop well and argues that additional taxes are an unwise decision during a period of financial downturn.
650 24 - SUBJECT ADDED ENTRY--TOPICAL TERM
Topical term or geographic name entry element COMMUNITY INFRASTRUCTURE LEVY
651 #4 - SUBJECT ADDED ENTRY--GEOGRAPHIC NAME
Geographic name England and Wales
Chronological subdivision 1543-
690 ## - LOCAL SUBJECT ADDED ENTRY--TOPICAL TERM (OCLC, RLIN)
Topical term or geographic name as entry element Planning and development
9 (RLIN) 6259
690 ## - LOCAL SUBJECT ADDED ENTRY--TOPICAL TERM (OCLC, RLIN)
Topical term or geographic name as entry element PROPERTY-RESIDENTIAL PROPERTY-HOUSING
942 ## - ADDED ENTRY ELEMENTS (KOHA)
Suppress in OPAC 0
Holdings
Withdrawn status Lost status Source of classification or shelving scheme Damaged status Not for loan Home library Current library Shelving location Date acquired Total Checkouts Full call number Barcode Date last seen Copy number Price effective from Koha item type
    Dewey Decimal Classification     London London Journal article 06/08/2008   L144732 144732-1001 06/08/2019 1 06/08/2019 Journal article